000 00606cab a22001935a 4500
001 L156935
008 120731s2012 xxk f s 000 0 eng d
035 _a(Sirsi) u156935
041 0 _aeng
110 2 _aFireco Ltd
_96100
245 0 0 _aFire doors
_ba shorter guide to long-term safety
260 _c2012
490 0 _aBuilding Engineer
_v87(8) August 2012, 14-15(2)
520 _aRisk managers must update their knowledge of fire doors maintenance and fire door closers for compliant best practice.
590 _aKA
651 4 _aUnited Kingdom
_y
690 _aHealth and safety
_96244
942 _n0
999 _c84203
_d84203